ბათუმის შოთა რუსთაველის სახელმწიფო უნივერსიტეტის ბიბლიოთეკა

Introduction to Environmental Management / (ბიბ.ჩანაწერი № 62282)

000 -LEADER
fixed length control field 00610nam a22001937a 4500
005 - DATE AND TIME OF LATEST TRANSACTION
control field 20240913123523.0
008 - FIXED-LENGTH DATA ELEMENTS--GENERAL INFORMATION
fixed length control field 240913s2021 enk||||| |||| 00| 0 eng d
020 ## - INTERNATIONAL STANDARD BOOK NUMBER
International Standard Book Number 9780367758103x
041 ## - LANGUAGE CODE
Language code of text/sound track or separate title eng
080 ## - UNIVERSAL DECIMAL CLASSIFICATION NUMBER
Universal Decimal Classification number 005+502/504 T-44
100 ## - MAIN ENTRY--PERSONAL NAME
Personal name Theodore, Mary K.
9 (RLIN) 23219
245 ## - TITLE STATEMENT
Title Introduction to Environmental Management /
Statement of responsibility, etc. Mary K. Theodore, Louis Theodore.
250 ## - EDITION STATEMENT
Edition statement 2nd Edition.
264 ## - PRODUCTION, PUBLICATION, DISTRIBUTION, MANUFACTURE, AND COPYRIGHT NOTICE
Place of production, publication, distribution, manufacture New York. :
Name of producer, publisher, distributor, manufacturer CRC Press,
Date of production, publication, distribution, manufacture, or copyright notice 2021.
300 ## - PHYSICAL DESCRIPTION
Extent 526 p.;
Other physical details 26 cm.
653 ## - INDEX TERM--UNCONTROLLED
keyword მენეჯმენტი
700 ## - ADDED ENTRY--PERSONAL NAME
Personal name Theodore, Louis
Relator term ავტორი
9 (RLIN) 23220
942 ## - ADDED ENTRY ELEMENTS (KOHA)
Source of classification or shelving scheme
Koha item type წიგნი
ეგზემპლარები
Withdrawn status Lost status Source of classification or shelving scheme Damaged status Not for loan Permanent Location Current Location Shelving location Date acquired Cost, normal purchase price Full call number Barcode Date last seen Copy number Price effective from Koha item type Public note
          ბათუმის შოთა რუსთაველის სახელმწიფო უნივერსიტეტის მთავარი ბიბლიოთეკა ბათუმის შოთა რუსთაველის სახელმწიფო უნივერსიტეტის მთავარი ბიბლიოთეკა წიგნსაცავი 2024-09-13 252.00 005+502/504 T-44 68859 2024-09-13 68859 2024-09-13 წიგნი 252 ლ.
          ბათუმის შოთა რუსთაველის სახელმწიფო უნივერსიტეტის მთავარი ბიბლიოთეკა ბათუმის შოთა რუსთაველის სახელმწიფო უნივერსიტეტის მთავარი ბიბლიოთეკა წიგნსაცავი 2024-11-04 252.00 005+502/504 T-44 69570 2024-11-04 69570 2024-11-04 წიგნი 252.00